000 00550nam a22002057a 4500
999 _c7943
_d7943
001 7943
003 BD-JhCC
005 20180717082148.0
008 180215b1383 bg ||||| |||| 00| 0 ben d
035 _a(BD-JhCC)7943
040 _aBD-JhCC
_dBD-JhCC
041 _aben
082 _a591
_bKHA 1383
100 _aখন্দকার, এন আলম
245 _aমেরুদন্ড প্রাণী /
_cএন আলম খন্দকার
300 _a363 p. :
_c22 cm
650 _avertebrates
942 _2ddc
_cBK